| 000 | 00603nam a2200217Ia 4500 | ||
|---|---|---|---|
| 003 | 0100 | ||
| 005 | 20150407144359.0 | ||
| 008 | 130307s9999 xx 000 0 und d | ||
| 040 | _cARRUPELIB | ||
| 050 | _aBX3706.W4 | ||
| 100 |
_aWeld, Alfred _916605 |
||
| 245 | 4 | _aThe suppression of the Society of Jesus in the Portuguese Dominions | |
| 260 | _aLondon | ||
| 260 | _bBurns and Oates | ||
| 260 | _c1877 | ||
| 300 | _a384p | ||
| 440 |
_aQuarterly Series _nNo. 22 _916922 |
||
| 650 |
_aJesuits _xPortuguese Colonies _xHistory _916923 |
||
| 650 |
_aJesuits _xHistory _96572 |
||
| 942 |
_2lcc _cMONOGRAPH |
||
| 999 |
_c91868 _d91868 |
||